[Event "European Youth Chess Championship G18"]
[Site "Prague, Top Hotel Prague"]
[Date "2012.08.25"]
[Round "9.19"]
[White "Neuhauser, Salome"]
[Black "Roy, Ali"]
[Result "0-1"]
[WhiteElo "2026"]
[BlackElo "1836"]
[PlyCount "80"]
[EventDate "2012.08.17"]

1. e4 e6 2. d3 d5 3. Nd2 c5 4. g3 Nc6 5. Bg2 Nf6 6. Ngf3 Be7 7. O-O O-O 8. Re1
Qc7 9. Qe2 b5 10. e5 Nd7 11. Nf1 a5 12. Bf4 Ba6 13. h4 b4 14. N1h2 c4 15. Rad1
cxd3 16. cxd3 b3 17. a3 Bc5 18. Ng5 h6 19. Nh3 Bd4 20. Nf3 Rfc8 21. Nxd4 Nxd4
22. Qg4 Nf5 23. Bxd5 exd5 24. Qxf5 Nc5 25. Qg4 Qb6 26. Qf3 d4 27. Kh2 Qb5 28.
Qg4 Qc6 29. e6 Nxe6 30. Bxh6 Bb7 31. Nf4 Qf3 32. Qxf3 Bxf3 33. Nxe6 fxe6 34.
Bf4 Bxd1 35. Rxd1 Rc2 36. Rb1 Rxf2+ 37. Kg1 Rc2 38. a4 Rd8 39. Bg5 Rd5 40. Bf4
Rf5 0-1

[Event "European Youth Chess Championship G18"]
[Site "Prague, Top Hotel Prague"]
[Date "2012.08.25"]
[Round "9.20"]
[White "Balzano, Filli"]
[Black "Corotcova, Anastasia"]
[Result "1-0"]
[WhiteElo "1916"]
[BlackElo "1655"]
[PlyCount "89"]
[EventDate "2012.08.17"]

1. e4 c5 2. c3 d5 3. exd5 Qxd5 4. d4 Nf6 5. Nf3 Bg4 6. Be2 e6 7. h3 Bh5 8. O-O
Nc6 9. Be3 cxd4 10. cxd4 Be7 11. Nc3 Qd6 12. Qb3 O-O 13. Rfd1 Nb4 14. Rac1 a6
15. g4 Bg6 16. Ne5 b5 17. Bf3 Rac8 18. Bf4 Nbd5 19. Nxd5 Nxd5 20. Bg3 Qb4 21.
Bxd5 exd5 22. Nc6 Rxc6 23. Rxc6 Qxb3 24. axb3 Re8 25. Rdc1 a5 26. Rc8 Kf8 27.
R1c6 Be4 28. Rxe8+ Kxe8 29. Bf4 a4 30. bxa4 bxa4 31. Ra6 Bc2 32. Bd6 Bxd6 33.
Rxd6 Bb3 34. Kg2 Ke7 35. Ra6 f6 36. Ra7+ Kf8 37. Kf3 h6 38. Kf4 Kg8 39. h4 h5
40. g5 fxg5+ 41. Kxg5 Bd1 42. Kg6 Bc2+ 43. Kxh5 Kf8 44. Kg5 Kg8 45. h5 1-0

[Event "European Youth Chess Championship G18"]
[Site "Prague, Top Hotel Prague"]
[Date "2012.08.25"]
[Round "9.21"]
[White "Mabille, Natacha"]
[Black "Kane, Marta"]
[Result "0-1"]
[WhiteElo "1853"]
[BlackElo "1787"]
[PlyCount "78"]
[EventDate "2012.08.17"]

1. e4 c5 2. Nf3 e6 3. d4 cxd4 4. Nxd4 a6 5. Bd3 Qc7 6. Qe2 Nc6 7. Nxc6 dxc6 8.
f4 Nf6 9. O-O Be7 10. Nc3 b5 11. e5 Nd5 12. Nxd5 cxd5 13. Be3 Bb7 14. Bd4 O-O
15. Qh5 g6 16. Qh3 b4 17. Qe3 a5 18. c3 Ba6 19. Rfc1 Qb7 20. c4 Bxc4 21. Bxc4
dxc4 22. Rxc4 Rfc8 23. Rac1 Rxc4 24. Rxc4 Rc8 25. Rc1 Rxc1+ 26. Qxc1 Qd5 27.
Bb6 Qxa2 28. g3 Qd5 29. Qc7 Bf8 30. Qc8 Kg7 31. Qc2 h5 32. Bf2 Qb5 33. Qc7 a4
34. Qc1 a3 35. bxa3 bxa3 36. Qc3 a2 37. Bd4 Qb1+ 38. Kf2 Bb4 39. Qb2 Bc5 0-1

[Event "European Youth Chess Championship G18"]
[Site "Prague, Top Hotel Prague"]
[Date "2012.08.25"]
[Round "9.22"]
[White "Sanal, Suna"]
[Black "Sabolova, Kristyna"]
[Result "0-1"]
[WhiteElo "1744"]
[BlackElo "1889"]
[PlyCount "84"]
[EventDate "2012.08.17"]

1. e4 c6 2. d4 d5 3. e5 Bf5 4. Nd2 e6 5. Nb3 Nd7 6. Nf3 c5 7. dxc5 Bxc5 8. Nxc5
Nxc5 9. Bb5+ Nd7 10. O-O Ne7 11. c4 a6 12. Bxd7+ Qxd7 13. Bg5 dxc4 14. Qxd7+
Kxd7 15. Rfd1+ Nd5 16. Rac1 b5 17. Nd4 Bd3 18. Bd2 f6 19. exf6 gxf6 20. f4 e5
21. fxe5 fxe5 22. Nc2 Rhf8 23. Nb4 Nxb4 24. Bxb4 Rf5 25. a4 a5 26. Bc5 Kc6 27.
Be3 e4 28. axb5+ Rxb5 29. Rd2 Rab8 30. Ra1 Rxb2 31. Rxb2 Rxb2 32. Rxa5 Rb5 33.
Ra3 Rf5 34. g4 Rf3 35. Bd4 Kd5 36. Bc3 e3 37. Ra5+ Ke4 38. Re5+ Kf4 39. g5 Bf5
40. h4 Rg3+ 41. Kh2 Rh3+ 42. Kg2 Rxh4 0-1

[Event "European Youth Chess Championship G18"]
[Site "Prague, Top Hotel Prague"]
[Date "2012.08.25"]
[Round "9.24"]
[White "Steinhauserova, Anna"]
[Black "Bass, Leenoy"]
[Result "1-0"]
[WhiteElo "1788"]
[BlackElo "1614"]
[PlyCount "63"]
[EventDate "2012.08.17"]

1. d4 d5 2. Nf3 e6 3. c3 Nf6 4. Bg5 c5 5. e3 Nc6 6. Nbd2 Bd6 7. Bd3 h6 8. Bh4
O-O 9. h3 cxd4 10. exd4 g5 11. Nxg5 hxg5 12. Bxg5 e5 13. dxe5 Nxe5 14. Bc2 Re8
15. O-O Bf8 16. f4 Qb6+ 17. Kh1 Ng6 18. Qf3 Re3 19. Qd1 Rg3 20. Kh2 Rxg5 21.
fxg5 Nh7 22. Qh5 Qd6+ 23. Kh1 Be7 24. Rxf7 Kxf7 25. Qxh7+ Ke8 26. Bxg6+ Kd8 27.
Re1 Be6 28. Qh8+ Kd7 29. Qxa8 Qc7 30. Qe8+ Kd6 31. Rxe6+ Kxe6 32. Qf7+ 1-0

[Event "European Youth Chess Championship G18"]
[Site "Prague, Top Hotel Prague"]
[Date "2012.08.25"]
[Round "9.26"]
[White "Saffova, Michaela"]
[Black "Grigoryan, Julieta"]
[Result "1/2-1/2"]
[WhiteElo "1756"]
[BlackElo "1838"]
[PlyCount "93"]
[EventDate "2012.08.17"]

1. e4 e6 2. d4 d5 3. exd5 exd5 4. Bd3 Bd6 5. Ne2 Nf6 6. Bf4 O-O 7. O-O Re8 8.
Bxd6 Qxd6 9. Ng3 Nc6 10. c3 Ne7 11. Na3 c6 12. Nc2 Ng6 13. Ne3 Bd7 14. Qc2 Nf4
15. Bf5 Bxf5 16. Ngxf5 Qd7 17. g3 Nh3+ 18. Kg2 Ng5 19. h4 Nge4 20. f3 Nd6 21.
Rae1 Nxf5 22. Qxf5 Re6 23. Qb1 Rae8 24. Nc2 Re2+ 25. Rf2 Rxe1 26. Nxe1 Qd6 27.
Qd1 Nh5 28. f4 Qg6 29. Rf3 Re4 30. Nd3 Qe6 31. Rf2 Nf6 32. Nc5 Re1 33. Nxe6
Rxd1 34. Nd8 Ne4 35. Re2 Rd3 36. Nxb7 Rxg3+ 37. Kh2 Rg4 38. Nd8 Rxh4+ 39. Kg2
Rh6 40. c4 Rd6 41. Nb7 Rg6+ 42. Kh2 h5 43. cxd5 cxd5 44. Nc5 f5 45. b4 Kh7 46.
a4 Rg4 47. Ne6 1/2-1/2

[Event "European Youth Chess Championship G18"]
[Site "Prague, Top Hotel Prague"]
[Date "2012.08.25"]
[Round "9.27"]
[White "Meireles, Ana"]
[Black "Tarmastin, Laura"]
[Result "1-0"]
[WhiteElo "1716"]
[BlackElo "1747"]
[PlyCount "79"]
[EventDate "2012.08.17"]

1. e4 e5 2. Nf3 Nc6 3. Bb5 a6 4. Ba4 Nf6 5. O-O b5 6. Bb3 Bc5 7. c3 d6 8. Re1
O-O 9. a4 Rb8 10. axb5 axb5 11. Na3 h6 12. d4 Bxa3 13. Rxa3 b4 14. Ra1 Bg4 15.
d5 Ne7 16. c4 Ng6 17. Ra4 Bd7 18. Ra7 c5 19. dxc6 Bxc6 20. Ra6 Rb6 21. Rxb6
Qxb6 22. Qxd6 Nxe4 23. Rxe4 Rd8 24. Qxg6 fxg6 25. c5+ Kh7 26. cxb6 Bxe4 27. h3
Bb7 28. Be3 e4 29. Ne5 g5 30. Kh2 g6 31. Bf7 Kg7 32. Bb3 Kf6 33. Nc4 Rd5 34.
Kg3 Kf5 35. Bc2 Rd7 36. f3 b3 37. fxe4+ Bxe4 38. Bxe4+ Kxe4 39. Kf2 Rb7 40.
Nd6+ 1-0

[Event "European Youth Chess Championship G18"]
[Site "Prague, Top Hotel Prague"]
[Date "2012.08.25"]
[Round "9.28"]
[White "Kuk, Nika"]
[Black "Malikova, Ulviyya"]
[Result "1/2-1/2"]
[WhiteElo "1557"]
[BlackElo "1810"]
[PlyCount "115"]
[EventDate "2012.08.17"]

1. c4 Nf6 2. Nc3 g6 3. e3 Bg7 4. d4 d6 5. Bd3 O-O 6. Nge2 e5 7. d5 Nfd7 8. e4
Nc5 9. Bc2 a5 10. Ng3 f5 11. exf5 gxf5 12. Qh5 Qf6 13. Bg5 Qg6 14. Qxg6 hxg6
15. O-O-O Bd7 16. h4 Be8 17. h5 gxh5 18. Nxh5 Bxh5 19. Rxh5 Nbd7 20. Rdh1 Nf6
21. Bxf6 Rxf6 22. Bxf5 c6 23. f3 a4 24. Ne4 Nxe4 25. Bxe4 c5 26. Bh7+ Kf7 27.
Kc2 Rb8 28. Bd3 Rf4 29. R1h4 Rxh4 30. Rxh4 Ra8 31. g4 a3 32. b3 Rh8 33. Rxh8
Bxh8 34. b4 cxb4 35. Kb3 e4 36. Bxe4 Bc3 37. Bf5 Kf6 38. Bc8 b6 39. Bf5 Kg5 40.
Bc2 Kf4 41. Ka4 Kxf3 42. g5 Kg4 43. g6 Kg5 44. Kb5 Kf6 45. Kxb6 Bd4+ 46. Kc6
Bc5 47. Bb1 Ke7 48. Kc7 Bd4 49. Kc6 Bc5 50. Kb5 Kf6 51. Ka4 Kg7 52. Kb3 Kf6 53.
Bd3 Kg7 54. Kc2 Kf6 55. Kd1 b3 56. Bb1 bxa2 57. Bxa2 Kxg6 58. Kc2 1/2-1/2

[Event "European Youth Chess Championship G18"]
[Site "Prague, Top Hotel Prague"]
[Date "2012.08.25"]
[Round "9.29"]
[White "Cormican, Ruth"]
[Black "Yaka, Beyza"]
[Result "1-0"]
[WhiteElo "1654"]
[BlackElo "1584"]
[PlyCount "49"]
[EventDate "2012.08.17"]

1. e4 e5 2. Nf3 d6 3. d4 exd4 4. Nxd4 Nf6 5. Nc3 Be7 6. Bc4 O-O 7. f3 Re8 8.
Be3 Nbd7 9. Qd2 c6 10. O-O-O Ne5 11. Be2 Bf8 12. g4 Kh8 13. g5 Ng8 14. f4 Ng6
15. h4 d5 16. h5 N6e7 17. Nf3 Bg4 18. Ne5 Be6 19. f5 f6 20. Ng6+ hxg6 21. hxg6+
Nh6 22. gxh6 Bc8 23. hxg7+ Kxg7 24. Bh6+ Kg8 25. Bxf8 1-0